|
|
|
|
| LEADER |
01017nam a2200229 a 4500 |
| 001 |
00006817 |
| 008 |
110330r19961998ii a b 001 0 eng |
| 020 |
|
|
|a 0074622390
|
| 040 |
|
|
|a BD-DhAAL
|c BD-DhAAL
|
| 082 |
0 |
0 |
|a 005.74
|2 22
|
| 100 |
1 |
|
|a Majumdar, Arun K.
|
| 245 |
1 |
0 |
|a Database management systems /
|c Arun K Majumdar and Pritimoy Bhattacharyya.
|
| 260 |
|
|
|a New Delhi :
|b Tata McGraw Hill,
|c c1996.[reprinted 1998].
|
| 300 |
|
|
|a x, 475 p. ;
|b ill.;
|c 24 cm.
|
| 504 |
|
|
|a Includes bibliographical references and index.
|
| 541 |
1 |
|
|e 00006817
|
| 650 |
|
0 |
|a Database management
|
| 700 |
1 |
|
|a Bhattacharyya, Pritimoy
|
| 852 |
4 |
|
|a Ayesha Abed library
|j General Shelf
|
| 999 |
|
|
|c 10605
|d 10605
|
| 952 |
|
|
|0 0
|1 0
|2 ddc
|4 0
|6 005_740000000000000_MAJ
|7 0
|9 15936
|a BRACUL
|b BRACUL
|c GEN
|d 2011-03-30
|l 5
|m 48
|o 005.74 MAJ
|p 3010006817
|r 2025-12-08
|s 2025-10-13
|t 1
|w 2011-03-30
|y BK
|
| 952 |
|
|
|0 0
|1 0
|2 ddc
|4 0
|6 005_740000000000000_MAJ
|7 0
|9 16224
|a BRACUL
|b BRACUL
|c GEN
|d 2011-04-27
|l 3
|m 44
|o 005.74 MAJ
|p 3010006818
|r 2024-05-12
|s 2024-01-14
|t 2
|w 2011-04-27
|y BK
|